LEADER 01118nam--2200373---450- 001 990003265670203316 005 20090608130502.0 010 $a978-88-7870-313-1 035 $a000326567 035 $aUSA01000326567 035 $a(ALEPH)000326567USA01 035 $a000326567 100 $a20090608d2008----km-y0itay50------ba 101 $aita 102 $aIT 105 $a||||||||001yy 200 1 $aTirso e don Giovanni$escambi di ruoli tra dame e cavalieri$econ due studi su Cicognini e Falla/Martinez Sierra$fLaura Dolfi 210 $aRoma$cBulzoni$d2008 215 $a299 p.$cill.$d24 cm 225 2 $aEuro-Ispanica$v17 410 0$12001$aEuro-Ispanica$v17 454 1$12001 461 1$1001-------$12001 606 0 $aLetteratura drammatica$xTemi [:] Don Giovanni$2BNCF 676 $a862.3 700 1$aDOLFI,$bLaura$0160260 801 0$aIT$bsalbc$gISBD 912 $a990003265670203316 951 $aXIII.1.B. 791$b637 L.G.$cXIII.1.$d00226140 959 $aBK 969 $aUMA 979 $aMARTUCCIEL$b90$c20090608$lUSA01$h1305 996 $aTirso e don Giovanni$91119347 997 $aUNISA LEADER 02582nam 2200577 a 450 001 9910462805503321 005 20200520144314.0 010 $a0-292-74452-8 035 $a(CKB)2670000000319462 035 $a(EBL)3443635 035 $a(SSID)ssj0000783647 035 $a(PQKBManifestationID)12407272 035 $a(PQKBTitleCode)TC0000783647 035 $a(PQKBWorkID)10761098 035 $a(PQKB)11612998 035 $a(MiAaPQ)EBC3443635 035 $a(Au-PeEL)EBL3443635 035 $a(CaPaEBR)ebr10629548 035 $a(OCoLC)932314324 035 $a(EXLCZ)992670000000319462 100 $a20120514d2012 uy 0 101 0 $aeng 135 $aur|n|---||||| 181 $ctxt 182 $cc 183 $acr 200 10$aLet the people in$b[electronic resource] $ethe life and times of Ann Richards /$fby Jan Reid ; research assistance by Shawn Morris 205 $a1st ed. 210 $aAustin $cUniversity of Texas Press$d2012 215 $a1 online resource (497 p.) 300 $aDescription based upon print version of record. 311 $a0-292-71964-7 320 $aIncludes bibliographical references and index. 327 $a""Acknowledgments""; ""Prologue: Glimpses""; ""Part One. Gardens of Light""; ""1. Waco""; ""2. New Frontiers""; ""3. Lovers Lane""; ""4. Mad Dogs and First Fridays""; ""5. The Hanukkah Chicken""; ""Part Two. Superwoman's Chair""; ""6. Problem Lady""; ""7. Landslides""; ""8. Raw Deals""; ""9. Capsized""; ""10. The Class of '82""; ""11. Raise Money and Wait""; ""12. Cheap Help""; ""Part Three. Only in Texas""; ""13. Poker Faces""; ""14. The Speech""; ""15. Dispatches""; ""16. Backyard Brawl""; ""17. Answer the Question""; ""18. Bustin' Rocks""; ""19. The Rodeo""; ""Part Four. The Parabola"" 327 $a""20. The New Texas""""21. Fast Start""; ""22. Ethicists""; ""23. Odd Couples""; ""24. Favorables""; ""25. White Hot""; ""26. Heartaches by the Number""; ""27. Troubles by the Score""; ""28. Sass""; ""29. Collision Course""; ""30. Queen Bee""; ""Passages""; ""Notes""; ""Photo Credits""; ""Index"" 606 $aGovernors$zTexas$vBiography 606 $aPoliticians$zUnited States$vBiography 607 $aTexas$xPolitics and government$y1951- 608 $aElectronic books. 615 0$aGovernors 615 0$aPoliticians 676 $a976.4/063092 676 $aB 700 $aReid$b Jan$0931375 801 0$bMiAaPQ 801 1$bMiAaPQ 801 2$bMiAaPQ 906 $aBOOK 912 $a9910462805503321 996 $aLet the people in$92095155 997 $aUNINA